000 00741nam a22002177a 4500
005 20240530110452.0
008 150514s2011 ua g 000 u ara d
017 _a2010/24886
_bمصر . دار الكتب المصرية
020 _a9789774312090
040 _aEG-CaGPL
082 0 4 _221
_a809\
_bح م
100 0 _aحسن على دبا
245 1 0 _aمرايا النقد المعاصر \
_cحسن على دبا
250 _aط1
260 _aالقاهرة :
_bمصر العربية للنشر و التوزيع ،
_c2011 .
300 _a359 ص ؛
_c24 سم
490 _aمدارات ادبية و نقدية
650 0 4 _aالادب
_xتاريخ و نقد
942 _2ddc
_cBK
999 _c61265
_d61265